000 00918nam a2200325Ia 4500
003 OSt
005 20220912144730.0
006 a|||||r|||| 00| 0
007 ta
008 220909b |||||||| |||| 00| 0 eng d
020 _a9781119952060 (pbk)
020 _aSL01561876
024 _a190920
037 _b044, 01/07/2014, N R Book Distributors
037 _cTextbook
040 _aCSL
_beng
_cCSL
041 _aeng
082 _aF5940bG, Q4 TK
100 _aStanley Lesley A
245 0 _aMolecular and cellular toxicology : an introduction
260 _aWest Sessex
_bWiley
_c2014
300 _axxii, 409p.
500 _aIndex 391-409p.
650 _a Genotoxicity
650 _a Toxicology
650 _aZoology
700 _aStanley Lesley A
942 _hF5940bG, Q4 TK
_cTB
_2CC
999 _c16881
_d16881